000 00555nam a2200181Ia 4500
008 090630s9999 xx 000 0 und d
082 _b12789
100 _aराजे नयना.
245 _aआत्मसन्मान.
_cराजे नयना.
260 _bनवचैतन्य.
300 _a133
600 _aराजे नयना.
630 _aआत्मसन्मान.
655 _aकादंबरी.
700 _aराजे नयना.
730 _aआत्मसन्मान.
942 _cBOOK
999 _c264645
_d264645